<?xml version="1.0" encoding="UTF-8"?>
<collection xmlns="http://www.loc.gov/MARC21/slim">
 <record>
  <leader>01676pam a22002418a 4500</leader>
  <controlfield tag="001">00000822</controlfield>
  <controlfield tag="005">20200910150920.0</controlfield>
  <controlfield tag="008">110323s2006                  ||||||Viesd</controlfield>
  <datafield tag="020" ind1="#" ind2="#">
   <subfield code="c">28000</subfield>
  </datafield>
  <datafield tag="082" ind1="#" ind2="#">
   <subfield code="a">200.71</subfield>
   <subfield code="b">GI108TR</subfield>
  </datafield>
  <datafield tag="100" ind1="#" ind2="#">
   <subfield code="a">Trần, Đăng Sinh</subfield>
  </datafield>
  <datafield tag="245" ind1="1" ind2="0">
   <subfield code="a">Giáo trình tôn giáo học</subfield>
   <subfield code="c">Trần Đăng Sinh , Đào Đức Doãn</subfield>
  </datafield>
  <datafield tag="250" ind1="#" ind2="#">
   <subfield code="a">In lần thứ hai</subfield>
  </datafield>
  <datafield tag="260" ind1="#" ind2="#">
   <subfield code="c">2006</subfield>
   <subfield code="a">Hà Nội</subfield>
   <subfield code="b">Đại học sư phạm</subfield>
  </datafield>
  <datafield tag="300" ind1="#" ind2="#">
   <subfield code="a">281 tr.</subfield>
   <subfield code="c">21 cm</subfield>
  </datafield>
  <datafield tag="520" ind1="3" ind2="#">
   <subfield code="a">Một số vấn đề lý luận chung về tôn giáo , đạo phật , đạo Kito , đạo I_xlam và một số tín ngưỡng và tôn giáo dân tộc ở Việt Nam .Tư tưởng Hồ Chí Minh và đường lối chủ trương của Đảng , chính sách của nhà nước về tôn giáo.</subfield>
  </datafield>
  <datafield tag="650" ind1="#" ind2="4">
   <subfield code="a">Tôn giáo</subfield>
  </datafield>
  <datafield tag="653" ind1="#" ind2="#">
   <subfield code="a">Lí luận</subfield>
   <subfield code="a">Tín ngưỡng</subfield>
   <subfield code="a">Tôn giáo học</subfield>
   <subfield code="a">Giáo trình</subfield>
  </datafield>
  <datafield tag="700" ind1="0" ind2="#">
   <subfield code="a">Đào Đức Doãn</subfield>
  </datafield>
  <datafield tag="852" ind1="#" ind2="#">
   <subfield code="b">Kho giáo trình</subfield>
   <subfield code="j">KGT.0017667, KGT.0017668, KGT.0017669, KGT.0017670, KGT.0017671, KGT.0017672, KGT.0017673, KGT.0017674, KGT.0017675, KGT.0017676, KGT.0017677, KGT.0017678, KGT.0017679, KGT.0017680, KGT.0017681, KGT.0017682, KGT.0017683, KGT.0017684, KGT.0017685</subfield>
  </datafield>
  <datafield tag="852" ind1="#" ind2="#">
   <subfield code="b">Kho mượn</subfield>
   <subfield code="j">KGT.0017667</subfield>
  </datafield>
  <datafield tag="852" ind1="#" ind2="#">
   <subfield code="j">KGT.0017667</subfield>
   <subfield code="j">KGT.0017669</subfield>
   <subfield code="j">KGT.0017670</subfield>
   <subfield code="j">KGT.0017672</subfield>
   <subfield code="j">KGT.0017673</subfield>
   <subfield code="j">KGT.0017675</subfield>
   <subfield code="j">KGT.0017677</subfield>
   <subfield code="j">KGT.0017678</subfield>
   <subfield code="j">KGT.0017680</subfield>
   <subfield code="j">KGT.0017681</subfield>
   <subfield code="j">KGT.0017683</subfield>
   <subfield code="j">KGT.0017684</subfield>
   <subfield code="j">KGT.0017668</subfield>
   <subfield code="j">KGT.0017671</subfield>
   <subfield code="j">KGT.0017674</subfield>
   <subfield code="j">KGT.0017676</subfield>
   <subfield code="j">KGT.0017679</subfield>
   <subfield code="j">KGT.0017682</subfield>
   <subfield code="j">KGT.0017685</subfield>
  </datafield>
  <datafield tag="980" ind1="#" ind2="#">
   <subfield code="a">Trung tâm Học liệu Lê Vũ Hùng, Trường Đại học Đồng Tháp</subfield>
  </datafield>
 </record>
</collection>
